000 00753nam a2200241Ia 4500
003 OSt
005 20220927105353.0
006 a|||||r|||| 00| 0
007 ta
008 220926b |||||||| |||| 00| 0 eng d
024 _a183275
037 _cReference Collections
040 _aRTL
_cRTL
_beng
041 _2eng
_aeng
082 _a"X:9- 16.235.P0<- N99, P7/GD"
110 _a"INDIA, LABOUR BUREAU"
_9350942
245 0 _aWorking class family income and expenditure survey
_b 1999-2000
260 _aChandigarh
_bGovt. Press
_c2007
300 _a"v, 150p"
_ccm.
700 _a"INDIA, LABOUR BUREAU"
_9350944
942 _h"X:9- 16.235.P0<- N99, P7/GD"
_cCC
999 _c692172
_d692172